気象庁気象データの歴代全国ランキングの観測地点 - Statistics

General Stats
  • This quiz has been taken 54 times
    25 since last reset
  • The average score is 39 of 203
Answer Stats
ジャンル 順位 都道府県 地点 観測値 起日 % Correct
最高気温の高い方から 5 埼玉県 熊谷 41.1℃ 2018.07/23
90%
最大10分間降水量 2 埼玉県 熊谷 50.0mm 2020.06/06
90%
最高気温の高い方から 1 群馬県 伊勢崎 41.8℃ 2025.08/05
85%
最高気温の高い方から 3 群馬県 桐生 41.2℃ 2025.08/05
75%
最高気温の高い方から 5 静岡県 浜松 41.1℃ 2020.08/17
70%
最低気温の高い方から 11 静岡県 浜松 30.3℃ 2024.07/29
70%
最高気温の高い方から 12 岐阜県 多治見 40.9℃ 2007.08/16
65%
最高気温の高い方から 7 群馬県 前橋 41.0℃ 2025.08/05
60%
最低気温の低い方から 1 北海道 旭川 -41.0℃ 1902.01/25
60%
最高気温の低い方から 2 北海道 旭川 -22.5℃ 1909.01/12
60%
最高気温の高い方から 2 埼玉県 鳩山 41.4℃ 2025.08/05
55%
最低気温の低い方から 4 静岡県 富士山 -38.0℃ 1981.02/27
55%
最高気温の低い方から 1 静岡県 富士山 -32.0℃ 1936.01/31
55%
最大風速 1 静岡県 富士山 72.5m/s 1942.04/05
55%
最大瞬間風速 1 静岡県 富士山 91.0m/s 1966.09/25
55%
最深積雪 16 静岡県 富士山 338cm 1989.04/27
55%
最高気温の高い方から 14 山形県 山形 40.8℃ 1933.07/25
45%
最低気温の低い方から 2 北海道 帯広 -38.2℃ 1902.01/26
45%
最高気温の低い方から 18 北海道 帯広 -16.2℃ 1902.01/25
45%
最高気温の高い方から 3 兵庫県 柏原 41.2℃ 2025.07/30
40%
最高気温の高い方から 7 栃木県 佐野 41.0℃ 2024.07/29
40%
最高気温の高い方から 17 山梨県 甲府 40.7℃ 2013.08/10
40%
最低気温の低い方から 13 北海道 名寄 -35.7℃ 1982.02/02
40%
最低気温の低い方から 19 北海道 士別 -35.1℃ 1985.01/25
40%
最高気温の低い方から 4 北海道 名寄 -20.3℃ 1977.01/21
40%
最高気温の低い方から 5 北海道 士別 -20.1℃ 1985.01/25
40%
最低気温の高い方から 1 新潟県 糸魚川 31.4℃ 2023.08/10
40%
最大10分間降水量 7 兵庫県 柏原 39.5mm 2014.06/12
40%
最大風速 11 沖縄県 那覇 49.5m/s 1949.06/20
40%
最大瞬間風速 6 沖縄県 那覇 73.6m/s 1956.09/08
40%
最深積雪 2 青森県 酸ケ湯 566cm 2013.02/26
40%
最高気温の高い方から 7 高知県 江川崎 41.0℃ 2013.08/12
35%
最大1時間降水量 18 三重県 尾鷲 139.0mm 1972.09/14
35%
日降水量 4 三重県 尾鷲 806.0mm 1968.09/26
35%
最深積雪 10 新潟県 湯沢 358cm 2006.01/28
35%
最高気温の高い方から 7 岐阜県 美濃 41.0℃ 2018.08/08
30%
最高気温の高い方から 18 京都府 福知山 40.6℃ 2025.07/30
30%
最低気温の低い方から 20 北海道 音威子府 -34.9℃ 1982.02/05
30%
最高気温の低い方から 6 北海道 富良野 -19.8℃ 1985.01/24
30%
最高気温の低い方から 13 北海道 音威子府 -17.5℃ 1985.01/25
30%
最低気温の高い方から 7 沖縄県 石垣島 30.4℃ 2024.07/18
30%
最低気温の高い方から 13 新潟県 三条 30.2℃ 2019.08/15
30%
最大10分間降水量 6 埼玉県 秩父 39.6mm 1952.07/04
30%
最大10分間降水量 13 沖縄県 石垣島 38.2mm 1937.03/30
30%
最大10分間降水量 14 高知県 室戸岬 38.0mm 1942.09/17
30%
最大1時間降水量 6 高知県 室戸岬 149.0mm 2006.11/26
30%
最大風速 2 高知県 室戸岬 69.8m/s 1965.09/10
30%
最大風速 3 沖縄県 宮古島 60.8m/s 1966.09/05
30%
最大風速 5 滋賀県 伊吹山 56.7m/s 1961.09.16
30%
最大風速 8 沖縄県 石垣島 53.0m/s 1977.07/31
30%
最大瞬間風速 2 沖縄県 宮古島 85.3m/s 1966.09/05
30%
最大瞬間風速 3 高知県 室戸岬 84.5m/s 1961.09/16
30%
最大瞬間風速 8 沖縄県 石垣島 71.0m/s 2015.08/23
30%
最深積雪 1 滋賀県 伊吹山 1182cm 1927.02/14
30%
最高気温の高い方から 7 岐阜県 金山 41.0℃ 2018.08/06
25%
最高気温の高い方から 14 新潟県 中条 40.8℃ 2018.08/23
25%
最高気温の高い方から 18 新潟県 寺泊 40.6℃ 2019.08/15
25%
最低気温の低い方から 7 北海道 美深 -37.0℃ 1978.02/17
25%
最高気温の低い方から 9 北海道 美深 -18.7℃ 1985.01/25
25%
最高気温の低い方から 15 北海道 網走 -17.0℃ 1902.01/24
25%
最低気温の高い方から 4 鳥取県 30.7℃ 2023.08/10
25%
最低気温の高い方から 7 東京都 東京 30.4℃ 2013.08/11
25%
最低気温の高い方から 11 石川県 小松 30.3℃ 2000.07/31
25%
最低気温の高い方から 16 富山県 富山 30.1℃ 2000.07/31
25%
日降水量 1 神奈川県 箱根 922.5mm 2019.10/12
25%
最大瞬間風速 7 愛媛県 宇和島 72.3m/s 1964.09/25
25%
最深積雪 6 新潟県 十日町 391cm 1981.02/28
25%
最高気温の高い方から 14 東京都 青梅 40.8℃ 2018.07/23
20%
最低気温の低い方から 5 北海道 歌登 -37.9℃ 1978.02/17
20%
最低気温の低い方から 6 北海道 幌加内 -37.6℃ 1978.02/17
20%
最低気温の低い方から 15 北海道 中川 -35.6℃ 1985.01/24
20%
最高気温の低い方から 7 北海道 中川 -19.4℃ 1985.01/24
20%
最高気温の低い方から 11 北海道 幌加内 -18.3℃ 1986.01/30
20%
最高気温の低い方から 12 徳島県 剣山 -17.9℃ 1984.02/07
20%
最高気温の低い方から 16 北海道 美瑛 -16.9℃ 1985.01/24
20%
最低気温の高い方から 2 新潟県 高田 30.8℃ 2023.08/10
20%
最低気温の高い方から 6 福岡県 福岡 30.5℃ 2018.08/22
20%
最低気温の高い方から 7 鳥取県 米子 30.4℃ 2023.08/10
20%
最低気温の高い方から 16 愛媛県 松山 30.1℃ 2023.08/10
20%
最大10分間降水量 10 宮崎県 宮崎 38.5mm 1995.09/30
20%
最大10分間降水量 20 茨城県 水戸 36.3mm 1959.07/07
20%
最大1時間降水量 17 宮崎県 宮崎 139.5mm 1995.09/30
20%
日降水量 10 徳島県 剣山 726.0mm 1976.09/11
20%
最大風速 6 徳島県 剣山 55.0m/s 2001.01/07
20%
最大風速 9 鹿児島県 屋久島 50.2m/s 1964.09/24
20%
最大瞬間風速 10 徳島県 剣山 69.0m/s 1970.08/21
20%
最大瞬間風速 11 鹿児島県 屋久島 68.5m/s 1964.09/24
20%
最深積雪 5 新潟県 津南 419cm 2022.02/24
20%
最深積雪 7 新潟県 高田 377cm 1945.02/26
20%
最深積雪 17 北海道 幌加内 324cm 2018.02/25
20%
最高気温の高い方から 18 茨城県 古河 40.6℃ 2025.08/05
15%
最高気温の高い方から 18 和歌山県 かつらぎ 40.6℃ 1994.08/08
15%
最低気温の低い方から 8 北海道 和寒 -36.8℃ 1985.01/25
15%
最低気温の低い方から 9 北海道 下川 -36.1℃ 1978.02/17
15%
最低気温の低い方から 11 北海道 朱鞠内 -35.8℃ 1990.01/28
15%
最低気温の低い方から 13 北海道 倶知安 -35.7℃ 1945.01/27
15%
最高気温の低い方から 3 北海道 和寒 -21.2℃ 1985.01/24
15%
最高気温の低い方から 10 北海道 比布 -18.5℃ 1985.01/24
15%
最高気温の低い方から 20 北海道 下川 -16.1℃ 1985.01/26
15%
最低気温の高い方から 7 島根県 松江 30.4℃ 2023.08/10
15%
最大10分間降水量 9 神奈川県 横浜 39.0mm 1995.06/20
15%
最大10分間降水量 17 兵庫県 神戸 36.5mm 2012.04/03
15%
最大1時間降水量 6 新潟県 下関 149.0mm 2022.08/04
15%
最大1時間降水量 9 愛知県 岡崎 146.5mm 2008.08/29
15%
最大1時間降水量 15 山口県 山口 143.0mm 2013.07/28
15%
日降水量 6 沖縄県 与那国島 765.0mm 2008.09/13
15%
最大風速 7 沖縄県 与那国島 54.6m/s 2015.09/28
15%
最大瞬間風速 4 沖縄県 与那国島 81.1m/s 2015.09/28
15%
最大瞬間風速 5 鹿児島県 名瀬 78.9m/s 1970.08/13
15%
最大瞬間風速 17 沖縄県 南大東 65.4m/s 1961.10/02
15%
最深積雪 8 新潟県 小出 363cm 1981.02/28
15%
最深積雪 18 北海道 倶知安 312cm 1970.03/25
15%
最深積雪 19 北海道 朱鞠内 311cm 1982.03/10
15%
最高気温の高い方から 12 静岡県 天竜 40.9℃ 2020.08/16
10%
最低気温の低い方から 3 北海道 江丹別 -38.1℃ 1978.02/17
10%
最低気温の低い方から 10 北海道 中頓別 -35.9℃ 1985.01/24
10%
最高気温の低い方から 14 北海道 東川 -17.4℃ 1985.01/25
10%
最高気温の低い方から 17 北海道 斜里 -16.8℃ 1978.02/17
10%
最低気温の高い方から 2 新潟県 相川 30.8℃ 2019.08/15
10%
最低気温の高い方から 13 富山県 上市 30.2℃ 1997.08/09
10%
最低気温の高い方から 18 鳥取県 湖山 30.0℃ 2023.08/10
10%
最大10分間降水量 1 北海道 木古内 55.0mm 2021.11/02
10%
最大10分間降水量 5 宮城県 石巻 40.5mm 1983.07/24
10%
最大10分間降水量 8 兵庫県 洲本 39.2mm 1949.09/02
10%
最大10分間降水量 10 東京都 練馬 38.5mm 2018.08/27
10%
最大10分間降水量 10 長野県 軽井沢 38.5mm 1960.08/02
10%
最大10分間降水量 14 和歌山県 潮岬 38.0mm 1972.11/14
10%
最大1時間降水量 1 千葉県 香取 153mm 1999.10/27
10%
最大1時間降水量 9 富山県 上市 146.5mm 2024.08/25
10%
最大1時間降水量 12 東京都 青ヶ島 145.0mm 2022.10/14
10%
最大1時間降水量 12 和歌山県 潮岬 145.0mm 1972.11/14
10%
最大1時間降水量 16 千葉県 銚子 140.0mm 1947.08/28
10%
最大風速 14 静岡県 石廊崎 48.8m/s 1959.08/14
10%
最大風速 16 千葉県 銚子 48.0m/s 1948.09/16
10%
最大風速 17 大阪府 関空島 46.5m/s 2018.09/04
10%
最大瞬間風速 12 東京都 八丈島 67.8m/s 1975.10/05
10%
最大瞬間風速 13 静岡県 石廊崎 67.6m/s 2004.10/09
10%
最深積雪 4 山形県 肘折 445cm 2018.02/13
10%
最深積雪 14 福島県 只見 341cm 2013.02/25
10%
最深積雪 15 福島県 桧枝岐 339cm 2015.02/15
10%
最低気温の低い方から 11 北海道 占冠 -35.8℃ 2001.01/14
5%
最低気温の低い方から 16 北海道 幌糠 -35.4℃ 1985.01/25
5%
最低気温の低い方から 16 北海道 佐呂間 -35.4℃ 1978.02/17
5%
最低気温の低い方から 18 北海道 滝上 -35.2℃ 1978.02/17
5%
最高気温の低い方から 8 北海道 上富良野 -18.9℃ 1985.01/25
5%
最高気温の低い方から 18 北海道 浜鬼志別 -16.2℃ 1979.01/12
5%
最低気温の高い方から 18 福井県 越廼 30.0℃ 2000.07/31
5%
最大10分間降水量 4 高知県 清水 49.0mm 1946.09/13
5%
最大1時間降水量 1 長崎県 長浦岳 153mm 1982.07/23
5%
最大1時間降水量 3 沖縄県 多良間 152mm 1988.04/28
5%
最大1時間降水量 4 高知県 清水 150.0mm 1944.10/17
5%
日降水量 2 高知県 魚梁瀬 851.5mm 2011.07/19
5%
日降水量 20 沖縄県 多良間 629mm 1988.04/28
5%
最大風速 4 長崎県 雲仙岳 60.0m/s 1942.08/27
5%
最大風速 10 北海道 寿都 49.8m/s 1952.04/15
5%
最大風速 18 長崎県 野母崎 46m/s 2006.09/17
5%
最大瞬間風速 16 熊本県 牛深 66.2m/s 1999.09/24
5%
最大瞬間風速 20 長崎県 雲仙岳 63.7m/s 2004.10/20
5%
最深積雪 3 新潟県 守門 463cm 1981.02/09
5%
最深積雪 9 新潟県 関山 362cm 1984.03/01
5%
最低気温の高い方から 5 新潟県 粟島 30.6℃ 2023.08/10
0%
最低気温の高い方から 13 島根県 斐川 30.2℃ 2023.08/09
0%
最低気温の高い方から 18 鳥取県 塩津 30.0℃ 2023.08/10
0%
最低気温の高い方から 18 沖縄県 北原 30.0℃ 2022.08/26
0%
最低気温の高い方から 18 長崎県 口之津 30.0℃ 2017.08/05
0%
最大10分間降水量 2 新潟県 室谷 50.0mm 2011.07/26
0%
最大10分間降水量 16 山梨県 河口湖 37.3mm 1960.08/02
0%
最大10分間降水量 17 鹿児島県 小宝島 36.5mm 2018.09/24
0%
最大10分間降水量 17 岩手県 紫波 36.5mm 2015.06/16
0%
最大1時間降水量 4 熊本県 甲佐 150.0mm 2016.06/21
0%
最大1時間降水量 8 福岡県 前原 147mm 1991.09/14
0%
最大1時間降水量 11 沖縄県 仲筋 145.5mm 2010.11/19
0%
最大1時間降水量 14 鹿児島県 古仁屋 143.5mm 2011.11/02
0%
最大1時間降水量 18 三重県 宮川 139mm 2004.09/29
0%
最大1時間降水量 18 沖縄県 与那覇岳 139mm 1980.09/24
0%
日降水量 3 奈良県 日出岳 844mm 1982.08/01
0%
日降水量 5 香川県 内海 790mm 1976.09/11
0%
日降水量 7 三重県 宮川 764.0mm 2011.07/19
0%
日降水量 8 愛媛県 成就社 757mm 2005.09/06
0%
日降水量 9 高知県 繁藤 735mm 1998.09/24
0%
日降水量 11 宮崎県 えびの高原 715mm 1996.07/18
0%
日降水量 12 高知県 本川 713mm 2005.09/06
0%
日降水量 13 宮崎県 神門 694.5mm 2022.09/18
0%
日降水量 14 静岡県 湯ケ島 689.5mm 2019.10/12
0%
日降水量 15 和歌山県 色川 672mm 2001.08/21
0%
日降水量 16 奈良県 上北山 661.0mm 2011.09/03
0%
日降水量 17 高知県 池川 644mm 2005.09/06
0%
日降水量 18 徳島県 福原旭 641.5mm 2011.07/19
0%
日降水量 19 埼玉県 浦山 635.0mm 2019.10/12
0%
最大風速 12 沖縄県 下地島 49m/s 2003.09/11
0%
最大風速 13 沖縄県 志多阿原 48.9m/s 2010.09/19
0%
最大風速 15 沖縄県 北原 48.1m/s 2016.10/04
0%
最大風速 19 愛知県 伊良湖 45.4m/s 1959.09/26
0%
最大風速 20 沖縄県 盛山 44.9m/s 2015.08/23
0%
最大瞬間風速 9 沖縄県 西表島 69.9m/s 2006.09/16
0%
最大瞬間風速 14 沖縄県 盛山 67.4m/s 2015.08/23
0%
最大瞬間風速 15 徳島県 徳島 67.0m/s 1965.09/10
0%
最大瞬間風速 18 沖縄県 所野 63.8m/s 2015.09/28
0%
最大瞬間風速 18 沖縄県 志多阿原 63.8m/s 2010.09/19
0%
最深積雪 11 長野県 野沢温泉 353cm 1984.03/22
0%
最深積雪 12 新潟県 安塚 350cm 1984.03/08
0%
最深積雪 13 山形県 大井沢 348cm 2000.03/01
0%
最深積雪 20 新潟県 能生 309cm 1985.01/30
0%
No matching quizzes found
Score Distribution
Percent of People with Each Score
Percentile by Number Answered
Your Score History
You have not taken this quiz since the last reset